Authoring a PhD : How to plan, draft, write, and finish a doctoral thesis or dissertation
Authoring a PhDinvolves having creative ideas, working out how to organize them, writing up from plans, upgrading text, and finishing it speedily and to a good standard. It also involves being examined and getting work published. This book provides a huge range of ideas and suggestions to help PhD c...
Uloženo v:
| Hlavní autor: | |
|---|---|
| Médium: | Kniha |
| Jazyk: | Undetermined |
| Vydáno: |
New York
Palgrave Macmillan
2003
|
| Témata: | |
| Tagy: |
Přidat tag
Žádné tagy, Buďte první, kdo otaguje tento záznam!
|
| Thư viện lưu trữ: | Trung tâm Học liệu Trường Đại học Cần Thơ |
|---|
| LEADER | 01124nam a2200229Ia 4500 | ||
|---|---|---|---|
| 001 | CTU_116469 | ||
| 008 | 210402s9999 xx 000 0 und d | ||
| 020 | |c 361000 | ||
| 082 | |a 808.02 | ||
| 082 | |b D921 | ||
| 100 | |a Dunleavy, Patrick | ||
| 245 | 0 | |a Authoring a PhD : | |
| 245 | 0 | |b How to plan, draft, write, and finish a doctoral thesis or dissertation | |
| 245 | 0 | |c Patrick Dunleavy | |
| 260 | |a New York | ||
| 260 | |b Palgrave Macmillan | ||
| 260 | |c 2003 | ||
| 520 | |a Authoring a PhDinvolves having creative ideas, working out how to organize them, writing up from plans, upgrading text, and finishing it speedily and to a good standard. It also involves being examined and getting work published. This book provides a huge range of ideas and suggestions to help PhD candidates cope with both the intellectual issues involved and the practical difficulties of organizing their work effectively. | ||
| 650 | |a Dissertations, Academic,Academic writing | ||
| 650 | |x Authorship,Handbooks, manuals, etc.,Handbooks, manuals, etc. | ||
| 904 | |i Hiếu | ||
| 980 | |a Trung tâm Học liệu Trường Đại học Cần Thơ | ||